00508ntaaa2200181 45000030003000000050017000030080021000200400037000410820017000782450048000952500010001432600040001533000010001935000073002036500012002766500015002887000023003030120251027202246.00714s1973 ag 01  aAR-BaBNbspacAR-BaBNeaacrdRIC a268.4320 C19 aAdventures in christian living and learning a1 ed. aSt. Louis : bBetnany Press, c1969 a128 p aLa bilioteca posee Tomo II de este título editado por Doris Monroe aniños aretardados aCarlson, Jessie B